Statistiques concernant Équipes de la MLS

Cliquez ici pour prendre le quiz!

Statistiques générales

  • Ce quiz a été pris 59 fois
  • Le résultat moyen est 11 sur 22

Statistiques - réponses

Indice Équipes % Correct
Association de l'OuestEarthquakes de San José
100%
Association de l'EstNew York City FC
84%
Association de l'EstImpact de Montréal
78%
Association de l'OuestGalaxy de Los Angeles
73%
Association de l'EstToronto FC
73%
Association de l'EstFire de Chicago
60%
Association de l'OuestFC Dallas
60%
Association de l'EstAtlanta United FC
56%
Association de l'OuestReal Salt Lake
56%
Association de l'EstD.C. United
53%
Association de l'OuestSounders FC de Seattle
49%
Association de l'EstRed Bulls de New York
49%
Association de l'EstOrlando City Soccer Club
47%
Association de l'OuestDynamo de Houston
42%
Association de l'OuestTimbers de Portland
42%
Association de l'OuestWhitecaps de Vancouver
40%
Association de l'EstCrew SC de Columbus
40%
Association de l'EstRévolution de la Nouvelle-Angleterre
33%
Association de l'EstUnion de Philadelphie
31%
Association de l'OuestRapids de Colorado
27%
Association de l'OuestMinnesota United FC
24%
Association de l'OuestSporting de Kansas City
22%

Distribution des résultats

Percentile par nombre de réponses

% des personnes avec chaque résultat

Votre développement - résultats

Vous n’avez pas pris ce quiz